| 000 | 03327cam a22004218i 4500 | ||
|---|---|---|---|
| 001 | 21679992 | ||
| 005 | 20220721110854.0 | ||
| 008 | 200819s2021 enk b 001 0 eng | ||
| 010 | _a 2020037951 | ||
| 020 |
_a9781108836180 _q(hardback) |
||
| 020 |
_a9781108799447 _q(paperback) |
||
| 020 |
_z9781108864091 _q(epub) |
||
| 040 |
_aDLC _beng _erda _cDLC |
||
| 042 | _apcc | ||
| 050 | 0 | 0 |
_aKZ6355 _b.D56 2021 |
| 082 | 0 | 0 |
_a341.6 _bDIN |
| 100 | 1 |
_aDinstein, Yoram, _eauthor. _994300 |
|
| 245 | 1 | 0 |
_aNon-international armed conflicts in international law / _cYoram Dinstein, Tel-Aviv University. |
| 250 | _aSecond edition. | ||
| 263 | _a2012 | ||
| 264 | 1 |
_aCambridge, United Kingdom ; _aNew York, NY : _bCambridge University Press, _c2021. |
|
| 300 | _apages cm | ||
| 336 |
_atext _btxt _2rdacontent |
||
| 337 |
_aunmediated _bn _2rdamedia |
||
| 338 |
_avolume _bnc _2rdacarrier |
||
| 504 | _aIncludes bibliographical references and index. | ||
| 505 | 0 | _aThe framework -- The preconditions of a NIAC -- Thresholds and interaction of armed conflicts -- Fighters, civilians and LONIAC -- Foreign intervention in a NIAC -- Recognition -- State responsibility -- The principal LONIAC treaty provisions -- Additional treaty texts -- NIAC war crimes -- LONIAC customary international law -- LONIAC and human rights law -- Conclusions. | |
| 520 |
_a"Due to their preponderance and intensity, non-international armed conflicts are currently very much in the public mind: often, more so than international armed conflicts. The present volume serves as a comprehensive introduction to the international legal regime of non-international armed conflicts, proceeding strictly in light of what the contemporary law is (as distinct from what the present author or anybody else would like it to be). Non-international armed conflicts raise a raft of issues that need to be addressed, including in particular their preconditions, thresholds, diverse forms and configurations; the discordant perspectives of the international and domestic legal systems; as well as the application of treaty and customary law to non-State actors. In addition, it is necessary to examine the consequences of intervention by foreign States; the role of the Security Council; the effects of recognition; State responsibility for wrongdoing to the installations, diplomats or nationals of foreign States, etc. The interface between the law of international and non-international armed conflicts is a matter of crucial concern. There are also numerous specific problems, ranging from the complexities of "failing States" to the recruitment and use of child-soldiers"-- _cProvided by publisher. |
||
| 650 | 0 | _aWar (International law) | |
| 650 | 0 |
_aIntervention (International law) _938056 |
|
| 650 | 0 |
_aWar victims _xLegal status, laws, etc. |
|
| 650 | 0 |
_aWar crimes. _994080 |
|
| 650 | 0 | _aWar. | |
| 776 | 0 | 8 |
_iOnline version: _aDinstein, Yoram. _tNon-international armed conflicts in international law _bSecond edition. _dCambridge, United Kingdom ; New York, NY : Cambridge University Press, 2021 _z9781108864091 _w(DLC) 2020037952 |
| 906 |
_a7 _bcbc _corignew _d1 _eecip _f20 _gy-gencatlg |
||
| 942 |
_2ddc _cBK |
||
| 999 |
_c590453 _d590453 |
||